000 00967nam a22002657a 4500
001 8810
003 FISKH
005 20251021152651.0
008 251021b cb ||||| |||| 00| 0 eng d
040 _aFISKH
_beng
_cFISKH
_dFISKH
050 _aPZ7.W6845 P
082 _a415
100 _aBromberg, Brian
245 _aThe puppy twins /
_cadapted by Sarah Willson based on the screenplay " Bark, bark to play park " Written by Brian Bromberg ; illustrated by Steve Savitsky
260 _aNew York :
_bSimon Spotlight,
_c2009.
300 _a22 unnumbered pages :
_bcolor illustrations ;
_c23 cm
505 _aE
520 _aJuvenile Fiction. Juvenile Literature. HTML:Dora the Explorer's puppy has a twin! So does Map! Come to the tain arty and meet all the twins!
521 8 _a210
_bLexile estimate
521 8 _aE
_bRaz-Plus
650 _aDora the Explorer
_vKindergarten
700 _aSavitsky, Steve
942 _2ddc
_cBK
_n0
999 _c8810
_d8810